| 000 | 00817nam a2200241Ia 4500 | ||
|---|---|---|---|
| 003 | OSt | ||
| 005 | 20220926005415.0 | ||
| 006 | a|||||r|||| 00| 0 | ||
| 007 | ta | ||
| 008 | 220923b |||||||| |||| 00| 0 eng d | ||
| 020 |
_a9788187358589 _c590.75 |
||
| 037 |
_bRKBA\09-10\4094, 16/08/2010, RAJKIRAN BOOK AGENCY _cGeneral Book |
||
| 040 |
_aRTL _cRTL _beng |
||
| 041 |
_2eng _aeng |
||
| 082 | _aY16:3(X:991).2, P8 | ||
| 100 |
_aJEFFREY Craig _938730 |
||
| 245 | 0 | _aEducation, unemployment and masculinities in India | |
| 260 |
_a New Delhi _bSocial Science Press _c2008 |
||
| 300 |
_axiv, 240p Bibliography P 213-28 _ccm. |
||
| 650 | _aSociology | ||
| 942 |
_hY16:3(X:991).2, P8 _cGB _2CC |
||
| 999 |
_c613714 _d613714 |
||